000 00859nam a2200253Ia 4500
003 OSt
005 20220923211211.0
006 a|||||r|||| 00| 0
007 ta
008 Pun
020 _a9788123745268 (pbk)
_c125
024 _a243,729
037 _b316, 08/10/2010, H.K. Prakashan
_cTextual
040 _aARTS
_cARTS
_bPun
041 _2Pun
_aPun
082 _aDelta73, 153P5
100 _aਸਿੰਗਲ, ਪਰਮਪਾਲ, ਥਦ.
_9156349
245 0 _aਚੋਣਵਾਂ ਪੰਜਾਬੀ ਸੂਖ਼ੀ ਕਲਾਮ
260 _aਦਿੱਲੀ
_b ਨੈFਨਲ ਬੁਕ ਟਰੱਸਟ
_c2005
300 _a480ਪੰ
_ccm.
650 _aਅਧਿਆਤਮਵਾਦ
_9159512
942 _hDelta73, 153P5
_cTEXL
_2CC
999 _c296733
_d296733